Statistics for Hungarian Historical People (Easy)

Click here to take the quiz!

General Stats

  • This quiz has been taken 21 times
  • The average score is 4 of 6

Answer Stats

Famous forLivedPerson% Correct
A popular & legendary king1443-1490Matthias Corvinus
80%
Famous independence war1676-1735Francis II Rákóczi
70%
Founder king of Hungary≈975-1038Stephen I
65%
Many epoch-making reforms1791-1860István Széchenyi
60%
"The Wise Man of the nation"1803-1876Ferenc Deák
55%
Golden Age of Transylvania1580-1629Gabriel Bethlen
35%

Score Distribution

Percentile by Number Answered

Percent of People with Each Score

Your Score History

You have not taken this quiz